[Event "POL-chT3"]
[Site "Jastrzebia Gora POL"]
[Date "2015.??.??"]
[Round "1.54"]
[White "Gorecka, Joanna"]
[Black "Binkowska, Agata"]
[Result "1/2-1/2"]
[WhiteElo "2069"]
[BlackElo "1553"]
[EventDate "2015.??.??"]
[WhiteTitle "WFM"]
[BlackTitle "I++"]

1.Nf3 Nf6 2.c4 c5 3.Nc3 Nc6 4.g3 g6 5.Bg2 Bg7 6.O-O O-O 7.e3 d6 8.d4 e6 9.
b3 Rb8 10.Bb2 b6 11.Qe2 Bb7 12.Rfd1 Qe7 13.Rac1 Rfd8 14.Nb5 a6 15.Nc3 Rd7 
16.d5 Nd8 17.e4 e5 18.Na4 Bc8 19.Bc3 b5 20.Nb2 Ne8 21.cxb5 axb5 22.b4 Ra7 
23.bxc5 b4 24.Be1 dxc5 25.Nc4 Nd6 26.Qc2 N8b7 27.Nfd2 Bd7 28.Nb3 Ba4 29.
Bd2 Nb5 30.Be3 Nc3 31.Rd3 Bb5 32.Rxc3 bxc3 33.Qxc3 Rxa2 34.Ncd2 Bf8 35.Nf3
c4 36.Nbd2 Bg7 37.Nxc4 Bxc4 38.Qxc4 Raa8 39.Bg5 Qe8 40.Qc6 h6 41.Be3 Qe7 
42.Bh3 Qb4 43.Nd2 Na5 44.Qc7 Rb7 45.Qc2 Bf8 46.Rb1 Qe7 47.Rc1 Qb4 48.Rb1 
Qe7 49.Rc1 Qb4 1/2-1/2

[Event "POL-chT3"]
[Site "Jastrzebia Gora POL"]
[Date "2015.??.??"]
[Round "1.55"]
[White "Rudolf, Michal"]
[Black "Kaczmarek, Aleksander"]
[Result "1/2-1/2"]
[WhiteElo "2326"]
[BlackElo "2294"]
[EventDate "2015.??.??"]
[WhiteTitle "FM"]
[BlackTitle "FM"]

1.d4 c5 2.d5 e6 3.Nc3 a6 4.a4 d6 5.e4 Ne7 6.Be2 exd5 7.Nxd5 Nxd5 8.exd5 
Be7 9.Nf3 O-O 10.O-O Nd7 11.Re1 Rb8 12.h3 Ne5 13.Nxe5 dxe5 14.Be3 Bd6 15.
Qd2 f5 16.f4 Qc7 17.fxe5 Bxe5 18.d6 Bxd6 19.Rad1 Bh2+ 20.Kh1 Be6 21.Bxc5 
Qxc5 22.Kxh2 Rbd8 23.Bd3 Qc7+ 24.Kh1 Bd5 25.Qg5 h6 26.Qh4 f4 27.c4 Bc6 28.
Re7 Qb6 29.Qg4 Qxb2 30.Qe6+ Kh8 31.Qg6 Rxd3 32.Rxd3 f3 33.gxf3 Rxf3 34.
Rxf3 Bxf3+ 35.Kg1 Qd4+ 36.Kf1 Qxc4+ 37.Kf2 Qc5+ 38.Re3 Bh5 39.Qe4 b5 40.
Qe5 Qc2+ 41.Kg3 Qg6+ 42.Kh4 Qf7 43.axb5 axb5 44.Kg3 Qg6+ 45.Kh4 Qf7 46.Kg3
Qa7 47.Kf2 Qf7+ 1/2-1/2

[Event "POL-chT3"]
[Site "Jastrzebia Gora POL"]
[Date "2015.??.??"]
[Round "1.56"]
[White "Bakalarz, Leszek"]
[Black "Zujev, Oleg"]
[Result "0-1"]
[WhiteElo "2124"]
[BlackElo "2271"]
[EventDate "2015.??.??"]
[WhiteTitle "FM"]
[BlackTitle ""]

1.e4 c5 2.Nf3 e6 3.d4 cxd4 4.Nxd4 a6 5.Bd3 Bc5 6.Nb3 Be7 7.c4 d6 8.Nc3 Nf6
9.O-O b6 10.f4 Bb7 11.Be3 Nbd7 12.Nd2 O-O 13.Rc1 Rc8 14.a3 Re8 15.g4 g6 
16.g5 Nh5 17.Be2 Ng7 18.Nf3 f5 19.gxf6 Nxf6 20.Qd3 Ng4 21.Bd4 e5 22.Bf2 
Ne6 23.Nd5 Nxf2 24.Rxf2 Nxf4 25.Nxf4 exf4 26.Nd4 Bh4 27.Bf3 Bxf2+ 28.Kxf2 
Rc5 29.Ne2 Qh4+ 30.Kg2 Rce5 31.Nc3 g5 32.Rg1 g4 33.Bxg4 Rg5 34.h3 h5 0-1

[Event "POL-chT3"]
[Site "Jastrzebia Gora POL"]
[Date "2015.??.??"]
[Round "1.57"]
[White "Warszawski, Bartosz"]
[Black "Harazinska, Ewa"]
[Result "1-0"]
[WhiteElo "2224"]
[BlackElo "2055"]
[EventDate "2015.??.??"]
[WhiteTitle "m"]
[BlackTitle "WFM"]

1.e4 c5 2.Nf3 d6 3.d4 cxd4 4.Nxd4 Nf6 5.Nc3 a6 6.Be2 e6 7.O-O Be7 8.Be3 
O-O 9.f4 Qc7 10.Qe1 Nc6 11.Qg3 Nxd4 12.Bxd4 b5 13.a3 Bb7 14.Kh1 Rad8 15.
Rae1 Rd7 16.Bd3 Re8 17.Qh3 g6 18.f5 e5 19.fxg6 hxg6 20.Be3 Qd8 21.Rf3 Bc8 
22.Ref1 Rb7 23.Qg3 Be6 24.Qe1 d5 25.exd5 Nxd5 26.Ne4 Kg7 27.Nc5 Bxc5 28.
Bxc5 Qc7 29.b4 Rh8 30.Rg3 Rbb8 31.Qe4 Rh6 32.Re1 Rbh8 33.h3 Nf4 34.Qxe5+ 
Qxe5 35.Rxe5 Nxd3 36.Rxd3 Bf5 37.Rd2 Bxh3 38.gxh3 Rxh3+ 39.Kg1 Rh1+ 40.Kf2
R8h2+ 41.Ke3 Re1+ 42.Kf3 Rxd2 43.Rxe1 Rxc2 44.Ke4 Rd2 45.Bd4+ Kg8 46.Rh1 
f5+ 47.Kd5 Rd3 48.Rh6 Rxa3 49.Ke6 1-0

[Event "POL-chT3"]
[Site "Jastrzebia Gora POL"]
[Date "2015.??.??"]
[Round "1.58"]
[White "Jedras, Piotr"]
[Black "Chalupnik, Marcin"]
[Result "1-0"]
[WhiteElo "2030"]
[BlackElo "2210"]
[EventDate "2015.??.??"]
[WhiteTitle "I+"]
[BlackTitle "k++"]

1.e4 c5 2.Nf3 d6 3.d4 cxd4 4.Nxd4 Nf6 5.Nc3 g6 6.Be3 Bg7 7.f3 O-O 8.Qd2 
Nc6 9.O-O-O Bd7 10.g4 Rc8 11.Be2 Ne5 12.Kb1 Qa5 13.Nd5 Qxd2 14.Nxe7+ Kh8 
15.Bxd2 Rce8 16.g5 Nxe4 17.fxe4 Ng4 18.Bb4 Nf2 19.Bf3 Nxh1 20.Bxh1 Rxe7 
21.Bxd6 Rfe8 22.Bxe7 Rxe7 23.Bf3 h6 24.gxh6 Bxh6 25.c4 Bf4 26.h4 Kg7 27.
Kc2 Bg3 28.Rh1 Bf2 29.Ne2 b5 30.cxb5 Bxb5 31.Nc3 Bc6 32.h5 g5 33.h6+ Kh7 
34.Bg4 Bh4 35.Rd1 Rc7 36.Kb3 Kxh6 37.Rd6+ Kg7 38.Nd5 Bg3 39.Rd8 Rb7+ 40.
Kc2 Be5 41.b4 a5 42.a3 axb4 43.axb4 Ra7 44.Bf5 Ra2+ 45.Kb3 Rb2+ 46.Kc4 
Rc2+ 47.Kb3 Rc1 48.Rc8 Rb1+ 49.Kc4 Rc1+ 50.Kb3 Rb1+ 51.Kc4 Bb7 52.Rd8 Rc1+
53.Kd3 Ba6+ 54.Ke3 Re1+ 55.Kf3 Rg1 56.Ne7 Kf6 57.Nd5+ Kg7 58.Ne7 Bf6 59.
Rg8+ Kh6 60.Nd5 Be5 61.Ne3 Bd4 62.Ng4+ Kh5 63.Rd8 Bc3 64.Rd6 Rf1+ 65.Kg2 
Rxf5 66.exf5 Kxg4 67.Rxa6 Kxf5 68.b5 Be5 69.b6 1-0

[Event "POL-chT3"]
[Site "Jastrzebia Gora POL"]
[Date "2015.??.??"]
[Round "1.59"]
[White "Kaim, Piotr"]
[Black "Koziej, Maciej"]
[Result "1-0"]
[WhiteElo "2195"]
[BlackElo "1985"]
[EventDate "2015.??.??"]
[WhiteTitle "m"]
[BlackTitle "I++"]

1.e4 c5 2.Nf3 a6 3.g3 e6 4.d3 Nc6 5.Bg2 Nf6 6.O-O d5 7.Nbd2 Be7 8.Re1 O-O 
9.e5 Nd7 10.Nf1 b5 11.h4 Re8 12.N1h2 f6 13.exf6 Nxf6 14.Bf4 Bd6 15.Ne5 
Nxe5 16.Bxe5 Bxe5 17.Rxe5 Qd6 18.Qe2 Ra7 19.Re1 Rae7 20.Bh3 h6 21.Nf3 d4 
22.Nd2 Kh8 23.f4 Bb7 24.Bg2 Bxg2 25.Qxg2 Nd7 26.R5e2 e5 27.f5 Nf6 28.Ne4 
Qd5 29.g4 Nxe4 30.Qxe4 Qxa2 31.b3 Qa5 32.Rf1 Qd8 33.g5 Rf7 34.Rg2 Qa8 35.
Qg4 Qc6 36.Qh5 Rc7 37.gxh6 1-0

[Event "POL-chT3"]
[Site "Jastrzebia Gora POL"]
[Date "2015.??.??"]
[Round "1.60"]
[White "Harazinska, Magdalena"]
[Black "Bednarska-bzdega, Malgorzata"]
[Result "0-1"]
[WhiteElo "1819"]
[BlackElo "2052"]
[EventDate "2015.??.??"]
[WhiteTitle "I++"]
[BlackTitle "WFM"]

1.d4 Nf6 2.c4 e5 3.dxe5 Ng4 4.Bf4 g5 5.Bg3 Bg7 6.Nf3 Nc6 7.Nc3 Ngxe5 8.
Nxe5 Nxe5 9.e3 d6 10.Be2 Be6 11.Rc1 Qd7 12.Ne4 h6 13.c5 d5 14.Nc3 c6 15.b4
O-O 16.O-O f5 17.f4 Nf7 18.Bh5 d4 19.exd4 Qxd4+ 20.Qxd4 Bxd4+ 21.Kh1 g4 
22.Bxf7+ Kxf7 23.a3 Rad8 24.Bf2 Bf6 25.Rfe1 Rd3 26.Re3 Rfd8 27.Rxd3 Rxd3 
28.Be1 h5 29.a4 h4 30.b5 Bd4 31.Ne2 Be3 32.Rb1 h3 33.Nc3 Bxc5 34.bxc6 bxc6
35.Rb7+ Ke8 36.Rb2 Rxc3 37.Bxc3 Bd5 38.Be1 hxg2+ 39.Rxg2 Be3 40.Bc3 c5 41.
a5 Kd7 42.a6 Kc6 43.Be1 Kb5 44.Bf2 Bxf2 45.h4 gxh3 46.Kh2 hxg2 47.Kh3 0-1

[Event "POL-chT3"]
[Site "Jastrzebia Gora POL"]
[Date "2015.??.??"]
[Round "1.61"]
[White "Zochowski, Kacper"]
[Black "Krogulski, Grzegorz"]
[Result "0-1"]
[WhiteElo "2230"]
[BlackElo "2304"]
[EventDate "2015.??.??"]
[WhiteTitle "k"]
[BlackTitle "m"]

1.e4 c5 2.Nf3 Nc6 3.d4 cxd4 4.Nxd4 Qb6 5.Nb3 Nf6 6.Nc3 e6 7.Be3 Qc7 8.a3 
Be7 9.Be2 O-O 10.f4 d5 11.e5 Nd7 12.Nb5 Qd8 13.N5d4 Nxd4 14.Nxd4 Nc5 15.
O-O Bd7 16.c4 dxc4 17.Bxc4 Na4 18.Bb3 b5 19.Qe2 Bc5 20.f5 Qb6 21.Qf2 exf5 
22.Bd5 Rac8 23.b4 Bxd4 24.Bxd4 Qg6 25.Bxa7 Be6 26.Bxe6 fxe6 27.Bd4 Rc4 28.
Rfc1 Rfc8 29.Bc5 Qg4 30.h3 Qe4 31.Rxc4 Qxc4 32.Be3 Qd3 33.Qf3 h6 34.Kh1 
Rc3 35.Qa8+ Kh7 36.Bg1 Rc2 37.Bh2 Nc3 38.Qf3 Qc4 39.Rf1 Ne4 40.Re1 Qd5 41.
h4 Rf2 42.Qe3 Qa2 43.Qh3 Qd2 44.Ra1 Re2 45.Bg1 Qf4 46.a4 Qxe5 47.Rb1 bxa4 
48.b5 Rb2 49.Qd3 a3 50.b6 Rxb1 51.Qxb1 Ng3+ 52.Kh2 Qf4 53.Bc5 Qxh4+ 0-1

[Event "POL-chT3"]
[Site "Jastrzebia Gora POL"]
[Date "2015.??.??"]
[Round "1.62"]
[White "Sygulski, Boguslaw"]
[Black "Smieszek, Wojciech"]
[Result "0-1"]
[WhiteElo "2242"]
[BlackElo "2154"]
[EventDate "2015.??.??"]
[WhiteTitle "IM"]
[BlackTitle "k"]

1.d4 Nf6 2.c4 c5 3.d5 e6 4.Nc3 exd5 5.cxd5 d6 6.e4 g6 7.f4 Bg7 8.Bb5+ Nfd7
9.Bd3 O-O 10.Nf3 Nf6 11.O-O Bg4 12.h3 Bxf3 13.Qxf3 Nbd7 14.Kh1 a6 15.a4 
Rc8 16.Bd2 c4 17.Bc2 Nc5 18.Rae1 Nfd7 19.Nd1 b5 20.axb5 axb5 21.Bc3 Bxc3 
22.Nxc3 b4 23.Na4 b3 24.Nxc5 Nxc5 25.Bb1 Na4 26.e5 Nxb2 27.f5 dxe5 28.f6 
Kh8 29.Rxe5 c3 30.Be4 Rc4 31.Qe3 Rg8 32.Re7 Qf8 33.d6 c2 34.Bd5 Nd1 35.Qe1
c1=Q 36.Bxc4 Qxc4 37.Qxd1 Qb8 38.Rfe1 Qf4 39.Rxf7 Qbxd6 40.Qxd6 Qxd6 41.
Ree7 Qd1+ 0-1

[Event "POL-chT3"]
[Site "Jastrzebia Gora POL"]
[Date "2015.??.??"]
[Round "1.63"]
[White "Borawski, Jakub"]
[Black "Markiewicz, Jerzy"]
[Result "1/2-1/2"]
[WhiteElo "2020"]
[BlackElo "2251"]
[EventDate "2015.??.??"]
[WhiteTitle "I++"]
[BlackTitle "FM"]

1.e4 c5 2.Nf3 e6 3.d4 cxd4 4.Nxd4 a6 5.Bd3 Qc7 6.O-O Nf6 7.c4 Nc6 8.Nxc6 
dxc6 9.Be3 e5 10.f3 Nd7 11.a3 a5 12.Nc3 Bc5 13.Bf2 O-O 14.Na4 b6 15.Nxc5 
Nxc5 16.Bc2 Rd8 17.Qe2 Ne6 18.Rfd1 Ba6 19.a4 c5 20.Rxd8+ Rxd8 21.Rd1 Nf4 
22.Qf1 Rxd1 23.Bxd1 Qd6 24.b3 Qd2 25.Qe1 Qd3 26.Be3 Ne6 27.Qd2 Qb1 28.Qc1 
Qd3 29.Qd2 Qb1 30.Qc1 Qd3 31.Qd2 Qb1 1/2-1/2

[Event "POL-chT3"]
[Site "Jastrzebia Gora POL"]
[Date "2015.??.??"]
[Round "1.64"]
[White "Zaskalski, Arkadiusz"]
[Black "Czaplewska, Klara"]
[Result "1-0"]
[WhiteElo "2184"]
[BlackElo "1914"]
[EventDate "2015.??.??"]
[WhiteTitle "k"]
[BlackTitle "I++"]

1.c4 e5 2.Nc3 Nf6 3.g3 d5 4.cxd5 Nxd5 5.Bg2 Be6 6.Nf3 Nc6 7.O-O Be7 8.d4 
exd4 9.Nb5 Nb6 10.Nfxd4 Nxd4 11.Nxd4 Bd5 12.e4 Bc4 13.Re1 Bb4 14.Bd2 Bxd2 
15.Qxd2 O-O 16.Qc3 f6 17.Red1 Qe7 18.b3 Bf7 19.Rac1 Rac8 20.Nf5 Qe6 21.Rd2
Rfd8 22.Rcd1 Bg6 23.a4 a5 24.Nd4 Qe7 25.Qxa5 Qf7 26.f3 Nd7 27.Qc3 Ne5 28.
f4 Nd7 29.Nf5 Nb8 30.Bh3 Rf8 31.Nh4 Rce8 32.Nxg6 hxg6 33.Bg2 Qe7 34.Rd5 
Rd8 35.e5 1-0

[Event "POL-chT3"]
[Site "Jastrzebia Gora POL"]
[Date "2015.??.??"]
[Round "1.65"]
[White "Dmochowska, Agnieszka"]
[Black "Markiewicz, Mateusz"]
[Result "1/2-1/2"]
[WhiteElo "1973"]
[BlackElo "2040"]
[EventDate "2015.??.??"]
[WhiteTitle "WCM"]
[BlackTitle "I++"]

1.e4 c5 2.c3 d6 3.d4 Nf6 4.Bd3 e5 5.Nf3 Nc6 6.O-O Bg4 7.d5 Ne7 8.a4 Ng6 9.
h3 Bd7 10.Na3 Nh5 11.Re1 Nhf4 12.Bf1 Be7 13.Kh2 Qc8 14.b4 O-O 15.Be3 b6 
16.a5 f5 17.exf5 Bxf5 18.Bxf4 exf4 19.Bd3 cxb4 20.cxb4 Qc3 21.Bxf5 Rxf5 
22.Nb5 Qxb4 23.Qd3 Raf8 24.Nfd4 Rxd5 25.Rab1 Qa4 26.Ra1 Qb4 27.Rab1 Qa4 
28.Ra1 Qb4 1/2-1/2

[Event "POL-chT3"]
[Site "Jastrzebia Gora POL"]
[Date "2015.??.??"]
[Round "1.66"]
[White "Jalowiec, Halina"]
[Black "Burakowska, Gabriela"]
[Result "1-0"]
[WhiteElo "1985"]
[BlackElo "1783"]
[EventDate "2015.??.??"]
[WhiteTitle "WFM"]
[BlackTitle "I++"]

1.d4 Nf6 2.c4 e6 3.Nf3 d5 4.g3 b6 5.Bg2 Bb7 6.O-O Be7 7.Nc3 O-O 8.Ne5 c6 
9.e4 Nbd7 10.Bg5 h6 11.Be3 Rc8 12.Rc1 Bb4 13.exd5 cxd5 14.Qa4 Bxc3 15.Rxc3
a6 16.Rfc1 Nxe5 17.dxe5 Ne4 18.Bxe4 dxe4 19.Rd1 Qc7 20.Rd6 Qb8 21.Bxb6 Qa8
22.Be3 Rc6 23.b4 Rfc8 24.c5 R6c7 25.Qd1 Bd5 26.Qe2 Qb7 27.a3 Rc6 28.Qd2 
R6c7 29.Qd4 Qb5 30.Qd1 Rc6 31.Bd4 Rb8 32.Rc1 Kh8 33.Be3 Kg8 34.Qc2 Rc7 35.
Rb1 Bc6 36.Qd1 Kh7 37.Rb2 Rcb7 38.Bd4 Kg8 39.Bc3 Bd5 40.a4 Qc4 41.Be1 e3 
42.f3 Rc7 43.Rc2 Qb3 44.Rc1 Qb2 45.Qc2 Qxe5 46.Bc3 Qh5 47.g4 Qg5 48.Qe2 
Qf4 49.Rxd5 exd5 50.Rd1 Rxb4 51.Rxd5 Rb1+ 52.Kg2 Rc8 53.Qd3 Rcb8 54.Be5 
Qxa4 55.Bxb8 Rxb8 56.Rd8+ Rxd8 57.Qxd8+ Kh7 58.Qd3+ g6 59.Qxe3 Qc4 60.Qa3 
Kg7 61.Qb2+ Kh7 62.Qb6 Qe2+ 63.Kg3 Qe5+ 64.Kh3 h5 65.Qd6 hxg4+ 66.Kxg4 
Qf5+ 67.Kg3 Qg5+ 68.Kf2 Qh4+ 69.Ke3 Qe1+ 70.Kd3 Qf1+ 71.Ke3 Qg1+ 72.Ke4 
Qe1+ 73.Kd5 Qa5 74.Qe7 Kg7 75.Qe5+ Kf8 76.Kd6 Qb4 77.Qh8# 1-0

[Event "POL-chT3"]
[Site "Jastrzebia Gora POL"]
[Date "2015.??.??"]
[Round "1.67"]
[White "Wandzik, Wojciech"]
[Black "Niekras, Dawid"]
[Result "1/2-1/2"]
[WhiteElo "2360"]
[BlackElo "2097"]
[EventDate "2015.??.??"]
[WhiteTitle "m"]
[BlackTitle "k"]

1.e4 c5 2.Nf3 g6 3.c4 Nc6 4.d4 cxd4 5.Nxd4 Nf6 6.Nc3 d6 7.Be2 Nxd4 8.Qxd4 
Bg7 9.Be3 O-O 10.Qd2 a5 11.O-O a4 12.f3 Be6 13.Rfd1 Qa5 14.Nd5 Nxd5 15.
Qxa5 Rxa5 16.cxd5 Bd7 17.Bb6 Raa8 18.Rac1 Rfc8 19.b3 axb3 20.axb3 Rxc1 21.
Rxc1 Ra1 22.Rxa1 Bxa1 23.Kf2 f5 24.exf5 gxf5 25.Ke3 Bc3 26.f4 Kg7 27.Bf3 
Kg6 28.Kd3 Be1 29.Kc4 Bd2 30.g3 Be1 31.Kd3 Bb5+ 32.Ke3 Bd7 33.Be2 h6 34.
Bf3 Bc8 35.Kd3 Bd7 36.Kc4 Bc8 37.b4 Bd7 38.b5 Bc8 39.Bd4 Bd7 40.b6 Ba4 41.
Be3 Bd7 42.Be2 Bc8 43.Kb3 Bd7 44.Ba6 Bc8 45.Bb5 Kf7 46.Kc2 Ba5 47.Kd3 Bb4 
48.Bd4 Ba5 49.Ke3 Bb4 50.Be2 Kg6 51.Bb5 Kf7 52.Kf3 Ba3 53.h3 h5 54.Be2 Kg6
55.Bd3 Kf7 56.Ke3 Bc1+ 57.Kf2 Bd2 58.Ke2 Bb4 59.Bb5 Ba5 60.Bf2 Bc3 61.Kd3 
Ba5 62.Ba4 Bb4 63.Kc4 Bd2 64.Bd1 Kg6 65.Kd3 Bb4 1/2-1/2

[Event "POL-chT3"]
[Site "Jastrzebia Gora POL"]
[Date "2015.??.??"]
[Round "1.68"]
[White "Bajerlein, Dawid"]
[Black "Mroziak, Maciej"]
[Result "1-0"]
[WhiteElo "2060"]
[BlackElo "2338"]
[EventDate "2015.??.??"]
[WhiteTitle "k"]
[BlackTitle "m"]

1.d4 Nf6 2.c4 g6 3.g3 Bg7 4.Bg2 d5 5.cxd5 Nxd5 6.e4 Nb6 7.Ne2 c5 8.d5 O-O 
9.O-O Na6 10.Nbc3 Bg4 11.h3 Bd7 12.Nf4 Qc8 13.Kh2 c4 14.Be3 Rd8 15.Qe2 Na4
16.Rac1 Nxc3 17.bxc3 Ba4 18.Rfe1 Qc7 19.Bd4 Bxd4 20.cxd4 c3 21.e5 c2 22.d6
exd6 23.e6 Nb4 24.Bd5 Kg7 25.exf7 Qd7 26.Ne6+ Kh8 27.Nxd8 Rxd8 28.Qf3 Nxd5
29.f8=Q+ 1-0

[Event "POL-chT3"]
[Site "Jastrzebia Gora POL"]
[Date "2015.??.??"]
[Round "1.69"]
[White "Lizak, Jakub"]
[Black "Hemmerling, Jaroslaw"]
[Result "1-0"]
[WhiteElo "2113"]
[BlackElo "1971"]
[EventDate "2015.??.??"]
[WhiteTitle "k"]
[BlackTitle "I+"]

1.e4 e6 2.d4 d5 3.Nc3 Nf6 4.e5 Nfd7 5.f4 c5 6.Nf3 Nc6 7.Be3 Qb6 8.Na4 Qa5+
9.c3 cxd4 10.b4 Nxb4 11.cxb4 Bxb4+ 12.Bd2 Bxd2+ 13.Nxd2 f6 14.exf6 gxf6 
15.Bd3 b5 16.Nb2 Nb6 17.Qh5+ Ke7 18.Rb1 Nc4 19.Nxc4 bxc4 20.Bxc4 dxc4 21.
Qxa5 1-0

[Event "POL-chT3"]
[Site "Jastrzebia Gora POL"]
[Date "2015.??.??"]
[Round "1.70"]
[White "Rozumek, Krzysztof"]
[Black "Duda, Lukasz"]
[Result "0-1"]
[WhiteElo "1936"]
[BlackElo "2153"]
[EventDate "2015.??.??"]
[WhiteTitle "I++"]
[BlackTitle "I++"]

1.h3 e5 2.c3 d5 3.d4 exd4 4.cxd4 Bd6 5.Nf3 c6 6.e3 Bf5 7.Bd3 Bxd3 8.Qxd3 
Nf6 9.Nbd2 O-O 10.O-O Nbd7 11.b3 Re8 12.Bb2 Ne4 13.Qc2 Ndf6 14.Ne5 Nxd2 
15.Qxd2 Ne4 16.Qd3 f6 17.Nf3 Qd7 18.Rad1 Re7 19.Nd2 Ng5 20.f4 Ne4 21.Nxe4 
Rxe4 22.Rf3 Rae8 23.Rdf1 Qe6 24.Kf2 Qf5 25.g4 Qe6 26.Rc1 Qe7 27.Rc2 Bc7 
28.Bc3 g5 29.f5 h5 30.Qd2 hxg4 31.hxg4 Rxg4 32.Rh3 Qe4 33.Rf3 Rh4 0-1

[Event "POL-chT3"]
[Site "Jastrzebia Gora POL"]
[Date "2015.??.??"]
[Round "1.71"]
[White "Dudys, Jakub"]
[Black "Glatty, Zbigniew"]
[Result "1-0"]
[WhiteElo "2115"]
[BlackElo "1908"]
[EventDate "2015.??.??"]
[WhiteTitle "I++"]
[BlackTitle "I"]

1.e4 e5 2.Nf3 Nc6 3.d4 exd4 4.Bc4 Bc5 5.c3 dxc3 6.Bxf7+ Kxf7 7.Qd5+ Kf8 8.
Qxc5+ Qe7 9.Qxc3 Qxe4+ 10.Be3 d6 11.O-O Bf5 12.Nd4 Nge7 13.Nd2 Qd5 14.N2f3
h6 15.b4 a6 16.a4 Qf7 17.b5 Nd5 18.Qd2 Nce7 19.Rac1 Kg8 20.Nxf5 Qxf5 21.
Nd4 Qf7 22.Qd3 Nb4 23.Qb1 Ned5 24.Bd2 a5 25.f4 Qf6 26.Qe4 Qf7 27.f5 Re8 
28.Ne6 c5 29.bxc6 bxc6 30.Rf3 Qf6 31.Rg3 Qb2 32.Rcc3 Re7 33.Qd4 Rh7 34.Bc1
Nxc3 35.Rxc3 Qe2 36.Re3 Qc2 37.Qxd6 Qxc1+ 38.Kf2 Qc2+ 39.Kg3 Re8 40.Qd7 
Rb8 41.Ng5 Rf8 42.Qe6+ Kh8 43.Nf7+ Kg8 44.Nxh6+ Kh8 45.Qg8+ Rxg8 46.Nf7# 
1-0

[Event "POL-chT3"]
[Site "Jastrzebia Gora POL"]
[Date "2015.??.??"]
[Round "1.72"]
[White "Kupsik, Joanna"]
[Black "Szydlowska-Duda, Marta"]
[Result "1/2-1/2"]
[WhiteElo "1727"]
[BlackElo "1990"]
[EventDate "2015.??.??"]
[WhiteTitle "I"]
[BlackTitle "k"]

1.e4 d5 2.exd5 Qxd5 3.Nc3 Qa5 4.d4 Nf6 5.Nf3 Bg4 6.h3 Bh5 7.g4 Bg6 8.Ne5 
e6 9.Bg2 c6 10.O-O Nbd7 11.f4 O-O-O 12.Qe2 Bd6 13.Nc4 Qc7 14.Ne5 Rhe8 15.
Be3 Nb6 16.a4 h5 17.g5 Nfd5 18.a5 Nxc3 19.bxc3 Nd5 20.Bxd5 exd5 21.c4 Bxe5
22.fxe5 Qd7 23.Kh2 a6 24.c5 Bf5 25.h4 Qe6 26.Qf2 Bg6 27.Rab1 Qg4 28.Rb2 
Rd7 29.Rg1 Qe4 30.Qf4 Qxf4+ 31.Bxf4 Kd8 32.Rgb1 Ree7 33.Kg3 Ke8 34.Rf1 Re6
35.Bd2 Kf8 36.Rf2 Kg8 37.Rf1 Kh7 38.c3 Be4 39.Bc1 Kg6 40.Rbf2 Bd3 41.Rg1 
Rde7 1/2-1/2

[Event "POL-chT3"]
[Site "Jastrzebia Gora POL"]
[Date "2015.??.??"]
[Round "1.73"]
[White "Myc, Marcin"]
[Black "Nguyen, Piotr"]
[Result "1/2-1/2"]
[WhiteElo "2315"]
[BlackElo "2327"]
[EventDate "2015.??.??"]
[WhiteTitle "m"]
[BlackTitle "m"]

1.Nf3 f5 2.g3 Nf6 3.Bg2 g6 4.O-O Bg7 5.d4 O-O 6.b4 Nc6 7.b5 Na5 8.Nbd2 d5 
9.Ne5 Ne4 10.Bb2 a6 11.a4 Qe8 12.Nxe4 dxe4 13.bxa6 Rxa6 14.f3 Bxe5 15.dxe5
Nc4 16.Bd4 exf3 17.Bxf3 Rxa4 18.Qd3 Be6 19.Bxb7 Rxa1 20.Rxa1 Qb5 21.Bg2 
Rd8 22.Ra8 Rxa8 23.Bxa8 Bd5 24.Qb3 Qa5 25.Qb8+ Kg7 26.e6+ Kh6 27.Bxd5 Qe1+
28.Kg2 Qxe2+ 29.Kh3 Qg4+ 30.Kg2 Qe2+ 31.Kh3 Qg4+ 32.Kg2 Qe2+ 33.Kh3 Qg4+ 
34.Kg2 Qe2+ 1/2-1/2

[Event "POL-chT3"]
[Site "Jastrzebia Gora POL"]
[Date "2015.??.??"]
[Round "1.74"]
[White "Licznerski, Lukasz"]
[Black "Lukasik, Adam"]
[Result "1-0"]
[WhiteElo "2293"]
[BlackElo "2003"]
[EventDate "2015.??.??"]
[WhiteTitle "FM"]
[BlackTitle "I"]

1.e4 d6 2.d4 Nf6 3.Nc3 e5 4.Nge2 Nbd7 5.g3 c6 6.Bg2 Be7 7.O-O O-O 8.h3 b5 
9.a3 Rb8 10.g4 Re8 11.Ng3 Nb6 12.b3 a5 13.Be3 b4 14.axb4 axb4 15.Nce2 Qc7 
16.g5 Nfd7 17.Nf5 Bf8 18.f4 exd4 19.Bxd4 Nc5 20.Neg3 Bxf5 21.exf5 d5 22.
Nh5 Nbd7 23.Qg4 Ne4 24.Ra7 Rb7 25.Rxb7 Qxb7 26.g6 fxg6 27.fxg6 h6 28.Qf5 
Ndc5 29.Ra1 Nd6 30.Qg4 Nb5 31.Be5 Qd7 32.Ra5 Qxg4 33.hxg4 Nd7 34.Bb2 Re1+ 
35.Kf2 Rb1 36.Be5 Nxe5 37.fxe5 Nd4 38.Ra8 Rc1 39.Ke3 Rxc2 40.Bxd5+ cxd5 
41.Kxd4 Rg2 42.Kxd5 Rxg4 43.e6 Rg5+ 44.Kd4 1-0

[Event "POL-chT3"]
[Site "Jastrzebia Gora POL"]
[Date "2015.??.??"]
[Round "1.75"]
[White "Kurpiewski, Slawomir"]
[Black "Grzelak, Artur"]
[Result "0-1"]
[WhiteElo "2020"]
[BlackElo "2147"]
[EventDate "2015.??.??"]
[WhiteTitle "k"]
[BlackTitle "m"]

1.Nf3 Nf6 2.g3 d6 3.Bg2 e5 4.d3 Be7 5.O-O O-O 6.Nbd2 h6 7.c3 c6 8.a4 Qc7 
9.e4 a5 10.Re1 Re8 11.Nf1 Bf8 12.Nh4 g6 13.h3 Na6 14.Qf3 Qe7 15.Be3 Nc5 
16.Bxc5 dxc5 17.Ne3 Be6 18.Kh2 Red8 19.Bf1 Nh7 20.Qg2 Ng5 21.Qh1 Qf6 22.
Kg1 c4 23.Nxc4 Bxc4 24.dxc4 Rd2 25.Re2 Rad8 26.Rae1 Bc5 27.Qh2 Nxe4 0-1

[Event "POL-chT3"]
[Site "Jastrzebia Gora POL"]
[Date "2015.??.??"]
[Round "1.76"]
[White "Szymczak, Rafal"]
[Black "Czapla, Andrzej"]
[Result "1/2-1/2"]
[WhiteElo "2062"]
[BlackElo "1930"]
[EventDate "2015.??.??"]
[WhiteTitle "k"]
[BlackTitle "I"]

1.f4 d5 2.Nf3 Nf6 3.g3 g6 4.Bg2 Bg7 5.O-O O-O 6.d3 c5 7.Nc3 Nc6 8.Ne5 Nxe5
9.fxe5 Ng4 10.Nxd5 e6 11.Nf6+ Nxf6 12.exf6 Bxf6 13.c3 Bg5 14.Qa4 Bxc1 15.
Raxc1 Bd7 16.Qc4 Qb6 17.Qb3 Bc6 18.Qxb6 axb6 19.a3 Bxg2 20.Kxg2 Rfd8 21.
Kf2 e5 22.Rcd1 Kg7 23.e4 b5 24.Ke3 b4 25.axb4 cxb4 26.Ra1 bxc3 27.bxc3 
Rxa1 28.Rxa1 f5 29.Rb1 Rd7 30.Rb6 Rc7 31.c4 Re7 32.exf5 gxf5 33.Rd6 Kf7 
34.Rh6 Kg7 35.Rb6 Kf7 36.Rh6 Kg7 37.Rd6 Kf7 38.Rb6 Kg7 39.h3 Kf7 40.Rh6 
Kg7 41.Rb6 Kf7 42.d4 exd4+ 43.Kxd4 Rc7 44.Rh6 Kg7 45.Rb6 Kf7 46.Rh6 Kg7 
1/2-1/2

[Event "POL-chT3"]
[Site "Jastrzebia Gora POL"]
[Date "2015.??.??"]
[Round "1.77"]
[White "Szczygiel, Konrad"]
[Black "Pietocha, Pawel"]
[Result "0-1"]
[WhiteElo "1815"]
[BlackElo "2077"]
[EventDate "2015.??.??"]
[WhiteTitle "I"]
[BlackTitle "I++"]

1.d4 c5 2.d5 e5 3.c4 d6 4.Nc3 Be7 5.e4 Bg5 6.Bxg5 Qxg5 7.Nf3 Qe7 8.Be2 Nh6
9.Qa4+ Nd7 10.O-O O-O 11.Rae1 f5 12.exf5 Nxf5 13.Bd3 Nf6 14.Qc2 Nh5 15.Ne4
Nf4 16.Ng3 Nxd3 17.Qxd3 Qf6 18.Nd2 Qh6 19.Nde4 Nd4 20.Qd2 Rf4 21.f3 Qg6 
22.Kh1 b5 23.Ne2 Nxe2 24.Qxe2 bxc4 25.Qxc4 Rb8 26.Qc3 Ba6 27.Rf2 h5 28.g3 
Rf7 29.Qd2 Rbf8 30.Re3 Bb7 31.Rb3 Rxf3 32.Rbxf3 Rxf3 33.Rxf3 Qxe4 34.Kg2 
Bxd5 35.Qf2 g5 0-1

[Event "POL-chT3"]
[Site "Jastrzebia Gora POL"]
[Date "2015.??.??"]
[Round "1.78"]
[White "Leszner, Liliana"]
[Black "Waszczuk, Patrycja"]
[Result "1-0"]
[WhiteElo "2027"]
[BlackElo "1926"]
[EventDate "2015.??.??"]
[WhiteTitle "WIM"]
[BlackTitle "I++"]

1.e4 c5 2.Nc3 e6 3.d3 a6 4.g3 Nc6 5.Bg2 Nf6 6.Nf3 d6 7.O-O Be7 8.h3 O-O 9.
Nh2 d5 10.Bg5 d4 11.Bxf6 Bxf6 12.Ne2 e5 13.f4 Be7 14.fxe5 Nxe5 15.Nf4 Bd6 
16.Nf3 b6 17.c3 dxc3 18.bxc3 Bb7 19.Rb1 Nxf3+ 20.Bxf3 Qg5 21.Bg4 Bc7 22.
Qf3 Rae8 23.Ne6 Qe5 24.Nxf8 Rxf8 25.Rf2 f6 26.Rc1 Qxg3+ 27.Qxg3 Bxg3 28.
Rg2 Be5 29.Kf2 f5 30.Bxf5 g6 31.Kg1 Rxf5 32.exf5 Bxg2 33.Kxg2 gxf5 34.Kf3 
Kf7 35.Ke3 Ke6 36.d4 Bf6 37.Rb1 cxd4+ 38.cxd4 Kd5 39.Kf4 Bxd4 40.Kxf5 b5 
41.h4 h6 42.Rd1 Kc5 43.Ke4 Bf6 44.h5 a5 45.Rf1 Bc3 46.Kd3 Bb2 47.Rf4 Bc1 
48.Re4 Bb2 49.Re6 Bc1 50.Kc2 Bf4 51.Re4 Bd6 52.Rg4 Be5 53.Rg6 Bf4 54.Rf6 
Be3 55.Re6 Bf4 56.Re4 Bd6 57.Kd3 Kd5 58.Re8 Bf4 59.Rf8 Bc1 60.Rf5+ Kc6 61.
Rf1 Bg5 62.Kd4 a4 63.Rf5 Bd2 64.Rf6+ Kc7 65.Kc5 b4 66.Rf7+ Kb8 67.Kb6 Kc8 
68.Kc6 Kb8 69.Rd7 Bc3 70.Rb7+ Ka8 71.Rb5 b3 72.axb3 a3 73.b4 Bb2 74.Kc7 
Be5+ 75.Rxe5 1-0

[Event "POL-chT3"]
[Site "Jastrzebia Gora POL"]
[Date "2015.??.??"]
[Round "1.79"]
[White "Brzezinski, Mateusz"]
[Black "Suliborski, Jakub"]
[Result "0-1"]
[WhiteElo "2125"]
[BlackElo "2071"]
[EventDate "2015.??.??"]
[WhiteTitle "I++"]
[BlackTitle "I++"]

1.e4 c5 2.Nf3 d6 3.Bb5+ Bd7 4.c4 Nc6 5.Nc3 Nf6 6.O-O g6 7.d4 cxd4 8.Nxd4 
Bg7 9.Re1 O-O 10.Bxc6 bxc6 11.c5 Qc7 12.cxd6 exd6 13.Nb3 Ng4 14.Bf4 Ne5 
15.Rc1 Bg4 16.Qc2 Be6 17.Nb5 Qd7 18.N5d4 c5 19.Nxe6 fxe6 20.Bxe5 Bxe5 21.
Nd2 Qg7 22.b3 Qh6 23.Nf1 Bd4 24.Re2 Rxf2 25.Rxf2 Rf8 26.Qc4 Rxf2 27.Kh1 d5
28.exd5 Qg5 29.Ng3 exd5 0-1